000 01055nam a2200253 a 4500
001 000014901
005 20200929163923.0
008 100127s2006 dr a r 000 0 spa d
040 _aDO-SdBNP
_bspa
_cBNPHU
082 _a613.2
_bE79i
100 1 _aEstévez Medina , Arcenio
_931277
245 1 0 _aImportancia de los nutrientes en la salud /
_cArcenio Estévez Medina ; prólogo Rafael p. Rodríguez.
260 _aSantiago de los Caballeros, República Dominicana :
_bBrigada de Salud Popular :Cienfuegos,
_c2006.
_fGrafi-Sol
300 _a156 p. ;
_c18 cm.
500 _aDiagnóstico de nutrición en Cien Fuegos , Santiago, República Dominicana.
505 2 _aVitaminas -- proteinas -- Carbohidratos -- Minerales -- Grasas
590 _aInventariado, 2019/BT
650 4 _aDesnutrición infantil
_933743
650 4 _aDesnutrición
_xPrevención y control
_933744
650 4 _aHabitos alimenticios
_920094
650 4 _aPlantas medicinales
_921554
650 4 _aComposición de alimentos
_933745
700 1 _aRodríguez, Rafael P.,
_epról.
_912299
999 _c14481
_d14481